| 000 | 00524nam a2200169 i 4500 | ||
|---|---|---|---|
| 001 | bgj | ||
| 100 | 1 |
_aCANFIELD, Dorothy _d(1879-1958) |
|
| 245 | 1 | 0 |
_aA harvest of stories : _bfrom a half century of writing / _cby Dorothy Canfield. |
| 260 |
_aNew York : _bHarcourt, Brace and Company, _cc. 1956. |
||
| 300 |
_aXXIX, 352 pp ; _c22 cm. |
||
| 651 | 9 |
_aUnited States _xSocial life and customs _y20th century |
|
| 655 | _aFiction | ||
| 040 | _cBPK | ||
| 041 | 0 | _aeng | |
| 942 | _cKS | ||
| 008 | s uk f |000 0 eng | ||
| 999 |
_c47445 _d47445 |
||
| 856 |
_uhttp://koha.tu.koszalin.pl/cgi-bin/koha/opac-detail.pl?biblionumber=47445 _yKatalog online BPK |
||